<?xml version="1.0" encoding="UTF-8"?>
<record
    xmlns:xsi="http://www.w3.org/2001/XMLSchema-instance"
    xsi:schemaLocation="http://www.loc.gov/MARC21/slim http://www.loc.gov/standards/marcxml/schema/MARC21slim.xsd"
    xmlns="http://www.loc.gov/MARC21/slim">

  <leader>00827nam a22002655i 4500</leader>
  <datafield tag="999" ind1=" " ind2=" ">
    <subfield code="c">7592</subfield>
    <subfield code="d">7592</subfield>
  </datafield>
  <controlfield tag="001">991059740288006706</controlfield>
  <controlfield tag="003">OSt</controlfield>
  <controlfield tag="005">20211222131938.0</controlfield>
  <controlfield tag="008">211125s2021    sp a||||r|||||0|| 0 spa|c</controlfield>
  <datafield tag="017" ind1=" " ind2=" ">
    <subfield code="a">DL M 6250-2021</subfield>
    <subfield code="b">Oficina DL Madrid</subfield>
  </datafield>
  <datafield tag="020" ind1=" " ind2=" ">
    <subfield code="a">9788441543966</subfield>
  </datafield>
  <datafield tag="040" ind1=" " ind2=" ">
    <subfield code="a">ES-BaUAB</subfield>
    <subfield code="b">cat</subfield>
    <subfield code="e">rda</subfield>
    <subfield code="c">CDMR</subfield>
  </datafield>
  <datafield tag="100" ind1="1" ind2=" ">
    <subfield code="a">Bast&#xF3;n, Rub&#xE9;n,</subfield>
  </datafield>
  <datafield tag="245" ind1="1" ind2="0">
    <subfield code="a">Ecommerce :</subfield>
    <subfield code="b">c&#xF3;mo montar una tienda online y que venda /</subfield>
    <subfield code="c">Rub&#xE9;n Bast&#xF3;n, Antonio Fagundo, Valent&#xED;n Hern&#xE1;ndez</subfield>
  </datafield>
  <datafield tag="264" ind1=" " ind2="1">
    <subfield code="a">Madrid :</subfield>
    <subfield code="b">Anaya Multimedia,</subfield>
    <subfield code="c">2021</subfield>
  </datafield>
  <datafield tag="300" ind1=" " ind2=" ">
    <subfield code="a">335 p&#xE0;gines :</subfield>
    <subfield code="b">il&#xB7;lustracions ;</subfield>
    <subfield code="c">23 cm</subfield>
  </datafield>
  <datafield tag="490" ind1=" " ind2=" ">
    <subfield code="a">Social business</subfield>
  </datafield>
  <datafield tag="650" ind1=" " ind2="7">
    <subfield code="a">Comer&#xE7; electr&#xF2;nic</subfield>
    <subfield code="2">lemac</subfield>
  </datafield>
  <datafield tag="650" ind1=" " ind2="0">
    <subfield code="a">M&#xE0;rqueting digital</subfield>
    <subfield code="9">4161</subfield>
  </datafield>
  <datafield tag="700" ind1="1" ind2=" ">
    <subfield code="a">Fagundo, Antonio,</subfield>
  </datafield>
  <datafield tag="700" ind1="1" ind2=" ">
    <subfield code="a">Hern&#xE1;ndez, Valent&#xED;n,</subfield>
  </datafield>
  <datafield tag="908" ind1=" " ind2=" ">
    <subfield code="a">UAB</subfield>
  </datafield>
  <datafield tag="940" ind1=" " ind2=" ">
    <subfield code="a">UAB</subfield>
  </datafield>
  <datafield tag="942" ind1=" " ind2=" ">
    <subfield code="2">udc</subfield>
    <subfield code="c">MON</subfield>
  </datafield>
  <datafield tag="952" ind1=" " ind2=" ">
    <subfield code="0">0</subfield>
    <subfield code="1">0</subfield>
    <subfield code="4">0</subfield>
    <subfield code="7">0</subfield>
    <subfield code="a">CDMR</subfield>
    <subfield code="b">CDMR</subfield>
    <subfield code="d">2021-12-22</subfield>
    <subfield code="e">Donaci&#xF3;</subfield>
    <subfield code="g">22.95</subfield>
    <subfield code="l">0</subfield>
    <subfield code="o">Cq /43</subfield>
    <subfield code="p">CDMR21120122</subfield>
    <subfield code="r">2021-12-22</subfield>
    <subfield code="w">2021-12-22</subfield>
    <subfield code="y">MON</subfield>
  </datafield>
</record>
